ბათუმის შოთა რუსთაველის სახელმწიფო უნივერსიტეტის ბიბლიოთეკა

საქართველოს კონსტიტუცია = Constitution of Georgia / (ბიბ.ჩანაწერი № 63844)

000 -ლიდერი
ფიქსირებული სიგრძის საკონტროლო ველი 01125nam a22001817a 4500
003 - საკონტროლო ნომრის იდენტიფიკატორი
საკონტროლო ველი Ge_BSU
005 - ბოლო ოპერაციის თარიღი და დრო
საკონტროლო ველი 20260203192012.0
008 - ფიქსირებული სიგრძის მონაცემთა ელემენტები - ზოგადი ინფორმაცია
ფიქსირებული სიგრძის საკონტროლო ველი 260203s2013 ge ||||| |||| 00| 0 geo d
041 ## - ენის კოდი
Language code of text/sound track or separate title geo
080 ## - უნივერსალური ათობითი კლასიფიკაციის ინდექსი
Universal Decimal Classification number 342.4(479.22) ს-32
245 ## - ცნობა სათაურის შესახებ
Title საქართველოს კონსტიტუცია = Constitution of Georgia /
Remainder of title მიღებულია 1995 წლის 24 აგვისტოს 2013 წლის 1 ივნისის მდგომარეობით.
Statement of responsibility, etc კონსტიტუციონალიზმის კვლევისა და ხელშეწყობის რეგიონალური ცენტრი.
264 ## - წარმოების, გამოცემის, დისტრიბუციის და სხვა ცნობები
გამოცემის, წარმოების, დისტრიბუციის... ადგილი თბილისი,
გამოცემის, წარმოების, დისტრიბუციის... თარიღი 2013.
300 ## - ფიზიკური აღწერა
Extent 220 გვ.;
Other physical details 20 სმ.
500 ## - ზოგადი შენიშვნა
General note ტექსტები ინგლ. ენაზე
653 ## - INDEX TERM--UNCONTROLLED
Uncontrolled term საქართველოს კონსტიტუცია
710 ## - ADDED ENTRY--CORPORATE NAME
Corporate name or jurisdiction name as entry element კონსტიტუციონალიზმის კვლევისა და ხელშეწყობის რეგიონალური ცენტრი.
9 (RLIN) 5129
942 ## - ADDED ENTRY ELEMENTS (KOHA)
Source of classification or shelving scheme
Koha item type წიგნი
ეგზემპლარები
ჩამოწერის სტატუსი დაკარგული ეგზემპლარის სტატუსი კლასიფიკაციის წყარო ან თაროზე გაწყობის სქემა დაზიანების სტატუსი არ გაიცემა მუდმივი მდებარეობა (დაცვის ადგილი) ამჟამინდელი ადგილსამყოფელი თაროზე განთავსების ადგილი შეძენის თარიღი ღირებულება, შესყიდვის ნორმალური ფასი სრული შენახვის შიფრი შტრიხკოდი ბოლო ოპერაციის თარიღი ეგზემპლარის მიმდევრობითი ნომერი (კეტერი?) ფასის ძალაში შესვლის თარიღი ეგზემპლარის სახეობა საჯარო შენიშვნა
          ბათუმის შოთა რუსთაველის სახელმწიფო უნივერსიტეტის მთავარი ბიბლიოთეკა ბათუმის შოთა რუსთაველის სახელმწიფო უნივერსიტეტის მთავარი ბიბლიოთეკა წიგნსაცავი 2026-02-03 7.00 342.4(479.22) ს-32 73656 2026-02-03 73656 2026-02-03 წიგნი 7 ლ.